000
00271nam a2200097Ia 4500
001
683387
005
20250826161437.0
008
250824s9999 xx 000 0 und d
245
0
_a
İNSANLAR İKİYE AYRILIR BEN VE DİĞERLERİ
_c
SEDA ŞENER
260
_b
CARPE DİEM YAYINLARI
999
_c
683387
_d
683387